| 000 | 00729cam a2200253u 4500 | ||
|---|---|---|---|
| 001 | 8381132 | ||
| 003 | NUST | ||
| 005 | 20220305121324.0 | ||
| 008 | 830701t19531952nyu j 000 0 eng | ||
| 010 | _a 53006067 | ||
| 038 | _awaseem | ||
| 040 |
_aDLC _cCarP _dDLC |
||
| 050 | 0 | 0 |
_aPZ7.C8827 _bSt |
| 082 |
_a813.6 _bCRO |
||
| 100 | 1 |
_aCross, John Keir, _d1914- _990221 |
|
| 240 | 0 | 0 | _aFlying Fortunes in an encounter with Rubberface! [from old catalog] |
| 245 | 1 | 4 |
_aThe stolen sphere, _ban adventure and a mystery. |
| 250 | _a[1st American ed.] | ||
| 260 |
_aNew York, _bDutton, _c1953 [c1952] |
||
| 300 |
_a220 p. _c20 cm. |
||
| 563 | _aHBK. | ||
| 906 |
_a0 _bcbc _cpremunv _du _encip _f19 _gy-gencatlg |
||
| 942 |
_2ddc _cBK |
||
| 999 |
_c588574 _d588574 |
||